Manual Prt̀ico do Condomn̕io

Detalles Bibliográficos
Autor principal: Pereira Junqueira, Gabriel Još
Otros Autores: Pereira de Carvalho, Lus̕ Batista
Formato: eBook
Lenguaje:portugués
Publicado: San Pablo: Editora Mundo Jurd̕ico, 2013
Materias:
Acceso en línea:Acceso restringido

MARC

LEADER 00000nam a22000007a 4500
005 20190910213954.0
007 cr|||| ||||
008 190910s2013 br |||||s|||| 00||0 por d
020 |a 978-85-88576-028-4 
035 |a 30220 
040 |a vLex 
090 |c 9450  |d 9450 
100 1 |a Pereira Junqueira, Gabriel Još 
245 1 0 |a Manual Prt̀ico do Condomn̕io  |h [Recurso electrn̤ico] /  |c Gabriel Jos ̌Pereira Junqueira, Lus̕ Batista Pereira de Carvalho 
256 |a Servicio en ln̕ea 
260 |a San Pablo:  |b Editora Mundo Jurd̕ico,  |c 2013 
300 |a 1 recurso electrn̤ico 
500 |a Esta obra est ̀voltada aos profissionais interessados numa abordagem prt̀ica do dia-a-dia, referente ̉r̀ea condominial. Na teoria abrange os principais temas no ḿbito do condomn̕io. Na prt̀ica encontra o leitor modelos de petiė̳s e atos judiciais da mais variada espčie. É uma obra indispensv̀el aos sn̕dicos, advogados e estudantes e todos aqueles que militam nesse campo. O livro nô esgota a matřia, mas abrange os principais temas. É uma obra eminentemente prt̀ica, indispensv̀el aos profissionais da r̀ea e do campo jurd̕ico. 
506 1 |a Disponible solo en los productos indicados  |d vLex Global  |d vLex Global (Academic Edition, excluding Law Schools)  |d vLex Global (U.S. Academic Edition, Law Schools)  |d vLex Global (U.S. Academic Edition, excluding Law Schools)  |d vLex Global (Academic Edition, Law Schools) 
650 0 4 |a Derechos Reales  |z Brasil 
700 1 |a Pereira de Carvalho, Lus̕ Batista 
740 0 |a vLex Libros (Servicio en ln̕ea) 
856 4 0 |u http://vlex.com/source/manual-pratico-do-condominio-30220  |z Acceso restringido 
942 |c BOOK 
999 0 |a Real rights